000 00520nam a22001817a 4500
003 UA-OsUOA
001 14488
007 ta
008 20031006b un ||||| |||| 00| 0 ukr d
100 _aПащук І.
942 _cSA
040 _aUA-OsUOA
_cUA-OsUOA
_dUA-OsUOA
245 _aРівне - 720: хроніка подій і розвитку : [1878-1894 рр.]
300 _aС.6
955 _a0
773 0 _w0
_tВісті Рівненщини
_dРівне
_d2003
_g№78/79/24 верес./
650 7 _aДати
_2UDC
999 _c300649
_d300649